| Поле | Инд. | ПП | Название | Значение |
|---|---|---|---|---|
| Тип записи | a | |||
| Библиографический уровень | b | |||
| 001 | Контрольный номер | RU/IS/BASE/264554048 | ||
| 005 | Дата корректировки | 20200522190626.4 | ||
| 008 | Кодируемые данные | 19970618 | ||
| 084 | a | Индекс другой классификации/Индекс ББК | 63.3(2)5-7; 85.113(2)5 | |
| 097 | 00 | a | 750 | |
| 100 | 10 | a | Автор | Гуренок М. |
| q | Полное имя | Гуренок Марта | ||
| 245 | 00 | a | Заглавие | Помещики Полторацкие |
| 520 | 00 | a | Аннотация | Усадьбы Авчурино и Грузины |
| 600 | 14 | a | Персоналии | Полторацкие |
| 650 | 04 | a | Основная рубрика | архитектура |
| a | Основная рубрика | искусство | ||
| a | Основная рубрика | история | ||
| a | Основная рубрика | история архитектуры | ||
| 653 | 00 | a | Ключевые слова | XIX век |
| a | Ключевые слова | XVIII век | ||
| a | Ключевые слова | Авчурино | ||
| a | Ключевые слова | архитектурные ансамбли | ||
| a | Ключевые слова | Грузины | ||
| a | Ключевые слова | Калужская губерния | ||
| a | Ключевые слова | Россия | ||
| a | Ключевые слова | Тверская губерния | ||
| a | Ключевые слова | усадьбы | ||
| 773 | 00 | t | Заглавие источника | Памятники Отечества |
| d | Дата издания источника | 1995 | ||
| g | Прочая информация | № 34 (3 - 4). - С. 133 - 143 : ил. | ||
| w | Контрольный № источника | RU/IS/BASE/142436424 | ||
| 901 | t | Тип документа | b |